000 00675cam a2200241 4500
001 J99051
008 090401t2000 xxu||||| |||| 00| 0 eng d
035 _a(Sirsi) u93802
041 _aeng
050 _a333.33709421
110 _aRichard Ellis St. Quintin
_93738
245 _aLondon market bulletin : West End office market. - First quarter 1999 - fourth quarter 1999.
260 _bRichard Ellis St. Quintin
_c1999-2000
300 _a4pt.. ; 30cm.
350 _a0
650 _aFLOORSPACE STATISTICS
650 _aLONDON
650 _aOFFICES
650 _aWEST END OF LONDON
690 _aPROPERTY-COMMERCIAL PROPERTY
942 _n0
948 _c08/06/1999
999 _c97857
_d97857